000 00449nam a2200157Ia 4500
003 GCL
008 140319s9999 xx 000 0 ara d
040 _aGCL /
_cGCL
082 0 4 _aط
_b030
_bع ا
100 1 _aعبدالاله رؤوف
245 1 0 _aاختراعات بالصدفة /
_cعبدالاله رؤوف
490 _aالسلسلة العلمية
_v0
650 0 4 _aدوائر المعارف
650 0 4 _aالاطفال
942 _2ddc
_cBK
999 _c45898
_d45898